000 00431nam a2200169Ia 4500
001 23849
003 IN-NITTTR
005 20251114233307.0
008 251113s9999||||xx |||||||||||||| ||eng||
040 _beng
040 _cIN-NITTTR
041 _aeng
082 _a621.3692 F443
100 _aAllard, Frederick C.
245 0 _aFiber optics handbook :
_b for engineers and scientists. /
_cAllard, Frederick C.
942 _2ddc
_cBK
999 _c26478
_d26478